<?xml version="1.0" encoding="UTF-8"?><?xml-stylesheet type="text/xsl" href="static/style.xsl"?><OAI-PMH xmlns="http://www.openarchives.org/OAI/2.0/" xmlns:xsi="http://www.w3.org/2001/XMLSchema-instance" xsi:schemaLocation="http://www.openarchives.org/OAI/2.0/ http://www.openarchives.org/OAI/2.0/OAI-PMH.xsd"><responseDate>2026-04-13T02:57:14Z</responseDate><request verb="GetRecord" identifier="oai:www.recercat.cat:10230/11323" metadataPrefix="marc">https://recercat.cat/oai/request</request><GetRecord><record><header><identifier>oai:recercat.cat:10230/11323</identifier><datestamp>2025-12-21T20:47:46Z</datestamp><setSpec>com_2072_6</setSpec><setSpec>col_2072_452954</setSpec></header><metadata><record xmlns="http://www.loc.gov/MARC21/slim" xmlns:dcterms="http://purl.org/dc/terms/" xmlns:xsi="http://www.w3.org/2001/XMLSchema-instance" xmlns:doc="http://www.lyncode.com/xoai" xsi:schemaLocation="http://www.loc.gov/MARC21/slim http://www.loc.gov/standards/marcxml/schema/MARC21slim.xsd">
   <leader>00925njm 22002777a 4500</leader>
   <datafield ind2=" " ind1=" " tag="042">
      <subfield code="a">dc</subfield>
   </datafield>
   <datafield ind2=" " ind1=" " tag="720">
      <subfield code="a">Nolwenn, Vignon</subfield>
      <subfield code="e">author</subfield>
   </datafield>
   <datafield ind2=" " ind1=" " tag="260">
      <subfield code="c">2012-07-11T01:54:38Z</subfield>
   </datafield>
   <datafield ind2=" " ind1=" " tag="260">
      <subfield code="c">2012-07-11T01:54:38Z</subfield>
   </datafield>
   <datafield ind2=" " ind1=" " tag="260">
      <subfield code="c">2011-01-14</subfield>
   </datafield>
   <datafield ind2=" " ind1=" " tag="260">
      <subfield code="c">2012-07-10T07:27:35Z</subfield>
   </datafield>
   <datafield ind2=" " ind1=" " tag="520">
      <subfield code="a">Cette étude part à la recherche des oeuvres qui font de l’esthétique incarnée leur quêteinconsciente. A travers le cinéma de Maurice Pialat, il s’agit de voir par quels moyens ilest possible de valoriser la présence du corps dans le cinéma. Dans la première partie de l’étude, nous chercherons à saisir les enjeux qui sous-tendent une nouvellereprésentation des corps au cinéma. Nous verrons donc en quoi le style de la narration, de la mise en scène et en particulier le travail avec les acteurs permettent de mettre en valeur de façon nouvelle les corps à l’écran. Puis dans la seconde partie, en étudiant les modes d’apparition des corps dans les films du réalisateur français, nous verrons dequelle manière le corps peut devenir un acteur à part entière de l’action</subfield>
   </datafield>
   <datafield tag="653" ind2=" " ind1=" ">
      <subfield code="a">Cos humà en el cinema</subfield>
   </datafield>
   <datafield tag="653" ind2=" " ind1=" ">
      <subfield code="a">Pialat, Maurice</subfield>
   </datafield>
   <datafield ind2="0" ind1="0" tag="245">
      <subfield code="a">Le corps révélé: la représentation du corps dans le cinéma de Maurice Pialat</subfield>
   </datafield>
</record></metadata></record></GetRecord></OAI-PMH>